000 008260000a22002050004500
041 0 _aSPA
082 0 4 _aG 179 F471a
100 1 _aFiges, Eva
245 1 0 _aActitudes patriarcales : Las mujeres en la sociedad / Eva Figes ; Carmen Martín Gaite, Traductor
260 _aMadrid, España : Alianza
300 _a207 Pag.
500 _aTítulo original : Patriarchal attitudes
505 0 0 _aun mundo a la mediad del hombre -- un Dios a imagen del hombre -- Mammon -- Rousseau, revolución, romanticismo y retroceso -- espíritu sobre materia -- aprendiendo a ser mujer -- el mundo de la mujer -- hoy y mañana
650 1 4 _aMUJERES - CONDICIONES SOCIALES \ ROLES SEXUALES
001 1362
942 _cBK
999 _c32685
_d32685
336 _atexto
_btxt
_2rdacontent
337 _2rdamedia
_asin mediación
_bn
338 _2rdacarrier
_avolumen
_bnc